| 000 | 00439nam a2200193 a 4500 | ||
|---|---|---|---|
| 001 | 1758028149719 | ||
| 003 | ACL | ||
| 005 | 20250916184150.0 | ||
| 008 | 250916s2008##################000#0#eng## | ||
| 020 | _a9780415447508 | ||
| 082 | 0 | 4 |
_a791.436579 _bPOU |
| 100 | 1 |
_aPoulton, Emma, _eauthor. |
|
| 245 | 1 | 0 | _aSport in Films : |
| 260 | _c2008. | ||
| 300 | _a296 pages | ||
| 650 | 0 | _aArt. | |
| 942 | _cENGLISH | ||
| 040 |
_aACL _beng _cACL |
||
| 999 |
_c587552 _d587552 |
||